Common consolidated corporate tax base system re-launching: simulation of the impact on the Slovak budget revenues

Európska komisia obnovuje spoločný konsolidovaný základ dane z príjmov právnických osôb v Európe v rámci úsilia v boji proti daňovým únikom a daňovým podvodom prostredníctvom dvojstupňového postupu. V prvom sa zaviedol iba spoločný základ dane z príjmov právnických osôb s možnosťou kompenzácie strop...

Ausführliche Beschreibung

Gespeichert in:
Bibliographische Detailangaben
1. Verfasser: Nerudová, Danuše
Weitere Verfasser: Solilová, Veronika
Format: Buchkapitel
Sprache:Englisch
Schlagworte:
Tags: Tag hinzufügen
Keine Tags, Fügen Sie das erste Tag hinzu!

MARC

LEADER 00000naa a2200000 4500
001 0235206
005 20220805075500.6
041 0 |a eng 
044 |a SK 
245 1 0 |a Common consolidated corporate tax base system re-launching: simulation of the impact on the Slovak budget revenues  |c Danuše Nerudová, Veronika Solilová 
520 |a Európska komisia obnovuje spoločný konsolidovaný základ dane z príjmov právnických osôb v Európe v rámci úsilia v boji proti daňovým únikom a daňovým podvodom prostredníctvom dvojstupňového postupu. V prvom sa zaviedol iba spoločný základ dane z príjmov právnických osôb s možnosťou kompenzácie stropu z dôvodu daňového zásahu. Spoločný konsolidovaný základ dane z príjmu právnických osôb by sa mal zaviesť v druhom kroku. Analýza vplyvu oboch realizačných krokov na výšku daňových základov v Slovenskej republike. 
610 2 0 |a osoby právnické 
610 2 0 |a dane korporatívne 
610 2 0 |a Slovensko 
610 2 0 |a Európska komisia 
610 2 0 |a harmonizácia 
610 2 0 |a únik daňový 
100 1 |a Nerudová, Danuše 
700 1 |a Solilová, Veronika